El Ingenioso Hidalgo Don Quijote de la Mancha (Record no. 2457)

MARC details
000 -CABECERA
campo de control de longitud fija 01874nam a2200301 a 4500
001 - NÚMERO DE CONTROL
campo de control BRCA_2717
005 - FECHA Y HORA DE LA ÚLTIMA TRANSACCIÓN
campo de control 20190320203933.0
008 - DATOS DE LONGITUD FIJA--INFORMACIÓN GENERAL
campo de control de longitud fija 031208s1892----sp-a---###---#000-0#spa-u
041 ## - CÓDIGO DE LENGUA
Código de lengua del texto/banda sonora o título independiente spa
044 ## - CÓDIGO DEL PAÍS DE LA ENTIDAD EDITORA/PRODUCTORA
Código MARC del país sp
084 ## - OTRO NÚMERO DE CLASIFICACIÓN
Número de clasificación 217
Número de documento/Ítem .G67
-- 1892
100 1# - ENTRADA PRINCIPAL--NOMBRE DE PERSONA
Nombre de persona Cervantes Saavedra, Miguel de
Fechas asociadas al nombre 1547-1616
9 (RLIN) 213
245 10 - MENCIÓN DE TÍTULO
Título El Ingenioso Hidalgo Don Quijote de la Mancha
Mención de responsabilidad, etc. compuesto por Miguel de Cervantes Saavedra.
260 ## - PUBLICACIÓN, DISTRIBUCIÓN, ETC.
Lugar de publicación, distribución, etc. Barcelona
Nombre del editor, distribuidor, etc. C. Gorchs
Fecha de publicación, distribución, etc. 1892
300 ## - DESCRIPCIÓN FÍSICA
Extensión 6 v.
Otras características físicas il.
Dimensiones 23 cm.
500 ## - NOTA GENERAL
Nota general Contenido : v 1. Primera parte. Dedicatoria de la Real Academia Española por el editor. Dedicatoria del autor. Prólogo del autor. Versos preliminares. Texto. Variantes. -- v 2. Texto. Variantes. -- v 3. Texto. Variantes. -- v 4. Segunda parte. Retrato de Cervantes. Dedicatoria del autor. Prólogo del autor. Texto. Variantes. -- v 5. Texto. Variantes. -- v 6. Texto. Variantes
500 ## - NOTA GENERAL
Nota general Va dedicada a la Academia Española en agradecimiento por haber concedido al Sr. Gorchs la reproducción del retrato de Cervantes y las láminas en acero, que exornaron las ediciones académicas. Las variantes que van al final de todos los tomos están tomadas de las ediciones de la Academia, de Pellicer, Clemencín y Hartzenbusch. Ilustraciones de Carnicero, del Castillo, Brunete, Barranco, Rivelles y otros. Semipiel; lomeras decoradas con filetes dorados Lúdovik Osterc
500 ## - NOTA GENERAL
Nota general QM210
650 14 - PUNTO DE ACCESO ADICIONAL DE MATERIA--TÉRMINO DE MATERIA
Término de materia o nombre geográfico como elemento de entrada Novela española
Subdivisión cronológica Época clásica, 1500-1700
9 (RLIN) 215
650 14 - PUNTO DE ACCESO ADICIONAL DE MATERIA--TÉRMINO DE MATERIA
Término de materia o nombre geográfico como elemento de entrada Literatura española
Subdivisión cronológica Época clásica, 1500-1700
9 (RLIN) 216
650 14 - PUNTO DE ACCESO ADICIONAL DE MATERIA--TÉRMINO DE MATERIA
Término de materia o nombre geográfico como elemento de entrada Novela española
Subdivisión cronológica Siglo XVII
9 (RLIN) 217
650 14 - PUNTO DE ACCESO ADICIONAL DE MATERIA--TÉRMINO DE MATERIA
Término de materia o nombre geográfico como elemento de entrada Don Quijote (Personaje ficticio)
Término indicativo de función/relación Novela
9 (RLIN) 218
700 1# - PUNTO DE ACCESO ADICIONAL--NOMBRE DE PERSONA
Nombre de persona Carnicero Mancio, Antonio
Fechas asociadas al nombre 1748-1814
Término indicativo de función/relación Ilustrador
9 (RLIN) 7682
700 1# - PUNTO DE ACCESO ADICIONAL--NOMBRE DE PERSONA
Nombre de persona Castillo, José del
Fechas asociadas al nombre 1737-1793
Término indicativo de función/relación Ilustrador
9 (RLIN) 7683
740 0# - PUNTO DE ACCESO ADICIONAL--TÍTULO RELACIONADO O ANALÍTICO NO CONTROLADO
Título relacionado o analítico no controlado El Ingenioso Hidalgo Don Quijote de la Mancha
902 ## - CATALOGADOR
Iniciales QFM
942 ## - ELEMENTOS DE PUNTO DE ACCESO ADICIONAL (KOHA)
Fuente del sistema de clasificación o colocación Library of Congress Classification
Tipo de ítem Koha Libros
Holdings
Estado de retiro Estado de pérdida Estado dañado No para préstamo Localización permanente Ubicación/localización actual Fecha de adquisición Número de inventario Total de préstamos Signatura topográfica completa Código de barras Fecha visto por última vez Precio válido a partir de Tipo de ítem Koha
El ejemplar forma parte de la colección y puede ser consultado según las políticas vigentes.       Biblioteca del Museo Franz Mayer (Rogerio Casas-Alatriste) Biblioteca del Museo Franz Mayer (Rogerio Casas-Alatriste) 03/12/2008 QM210   217 .G67 1892 (QM210) 2714 22/03/2019 22/03/2019 Libros